000 00479nam a2200181Ia 4500
001 19943
005 20260306172729.0
008 260306t2021||||xx |||||||||||||| ||spa||
041 _aESP
082 _a341.53
_bO74
100 _aOrtiz Pasco, Jorge
_eAUT
245 0 _aLa clasificación registral de documentos judiciales, administrativos y arbitrales
260 _c2021
300 _a495 pƔginas :
_c25 cm.
650 _aGEN
654 _aCDE
942 _cLIB
_dJUS
_fJUS
_2ddc
_n
999 _c19943
_d19943